Japanese Kanji Grade 1 - Statistics

General Stats
  • This quiz has been taken 22,124 times
  • The average score is 53 of 80
Answer Stats
Kanji Meaning % Correct
one
99%
three
99%
two
99%
five
98%
four
98%
eight
97%
nine
97%
seven
97%
six
97%
ten
97%
day, sun
86%
month, moon
84%
hundred
83%
person
83%
mountain
82%
thousand
82%
above, top
81%
below, bottom
80%
tree
80%
large, big
79%
river
79%
inside, middle
78%
female, woman
77%
small
77%
fire
76%
mouth
76%
water
76%
left
74%
right
74%
woods, grove
73%
book
72%
child
71%
male, man
71%
rain
70%
dog
69%
year
69%
eye
68%
rice paddy, rice field
68%
hand
66%
see
66%
yen, circle
66%
forest
65%
ear
64%
flower
64%
gold, money
63%
ground, soil
63%
name
61%
power, strength
61%
exit, leave
60%
white
60%
leg, foot
59%
enter
58%
heaven, sky
58%
study
56%
vehicle, car
56%
sky, empty
53%
life, raw, bear
52%
blue
51%
red
51%
rest
50%
early, quickly
49%
king
49%
insect
48%
spirit, air
48%
stand up
48%
stone
48%
town, city
47%
grass
46%
character
45%
school
45%
sound
45%
gem, jewel
42%
town, village
41%
bamboo
40%
evening
40%
previous
40%
correct
39%
sentence, text
39%
shellfish
38%
thread
32%
No matching quizzes found
Score Distribution
Percent of People with Each Score
Percentile by Number Answered
Your Score History
You have not taken this quiz